Giáo trình mô hình toán kinh tế
Guardado en:
| Autor principal: | |
|---|---|
| Otros Autores: | , |
| Formato: | Libro |
| Publicado: |
H.
Thống kê
2006
|
| Materias: | |
| Etiquetas: |
Agregar Etiqueta
Sin Etiquetas, Sea el primero en etiquetar este registro!
|
| Thư viện lưu trữ: | Trung tâm Học liệu Lê Vũ Hùng, Trường Đại học Đồng Tháp |
|---|
| LEADER | 00898pam a22002538a 4500 | ||
|---|---|---|---|
| 001 | 00016354 | ||
| 005 | 20171026081022.0 | ||
| 008 | 110407s2006 ||||||Viesd | ||
| 041 | 0 | # | |a Vie |
| 082 | 1 | 4 | |a 330.071 |b GI108TR |
| 100 | 0 | # | |a Nguyễn Quang Dong |
| 245 | 0 | 0 | |a Giáo trình mô hình toán kinh tế |c Nguyễn Quang Dong, Ngô Văn Thứ, Hoàng Đình Tuấn |
| 260 | # | # | |a H. |b Thống kê |c 2006 |
| 300 | # | # | |a 382 tr. |c 21 cm. |
| 500 | # | # | |a ĐTTS ghi: Trường Đại học kinh tế Quốc dân. Khoa Toán kinh tế |
| 650 | # | 4 | |a Giáo trình |
| 650 | # | 4 | |a Toán kinh tế |
| 650 | # | 4 | |a Kinh tế |
| 700 | 0 | # | |a Hoàng Đình Tuấn |
| 700 | 0 | # | |a Ngô Văn Thứ |
| 852 | # | # | |j KD.0001649 |
| 852 | # | # | |b Kho đọc |j KD.0001649 |
| 910 | |d 07/04/2011 | ||
| 980 | # | # | |a Trung tâm Học liệu Lê Vũ Hùng, Trường Đại học Đồng Tháp |